<The> Human rights handbook <a> practical guide to monitoring human rights
Guardado en:
| Autor principal: | |
|---|---|
| Otros Autores: | |
| Formato: | Libro |
| Lenguaje: | inglés |
| Publicado: |
Essex
Human Rights Centre
1995
|
| Materias: | |
| Etiquetas: |
Sin Etiquetas, Sea el primero en etiquetar este registro!
|
MARC
| LEADER | 00000nam a2200000 4500 | ||
|---|---|---|---|
| 001 | c123886 | ||
| 005 | 20221123112449.9 | ||
| 020 | |a 1-874635-250 | ||
| 041 | 0 | |a eng | |
| 044 | |a GB | ||
| 245 | 1 | 0 | |a <The> Human rights handbook |b <a> practical guide to monitoring human rights |c Kathryn English, Adam Stapleton |
| 264 | 1 | |a Essex |b Human Rights Centre |c 1995 | |
| 300 | |a 378 s. | ||
| 610 | 2 | 0 | |a práva ľudské |
| 610 | 2 | 0 | |a zákony |
| 610 | 2 | 0 | |a legislatíva |
| 610 | 2 | 0 | |a predpisy právne |
| 100 | 1 | |a English, Kathryn | |
| 700 | 1 | |a Stapleton, Adam | |